01966nam a22004937a 45000010009000000050017000090080041000260100031000670220014000980250021001120300011001330350024001440400124001680420013002920430012003050500016003170600016003330700016003490720009003650820012003742100030003862220048004162450051004642460050005152600072005653000025006373100022006623210026006843210031007103210026007413620031007675000022007985100034008205500168008546500031010226500031010536500029010847100056011137100037011697100043012067700129012497800080013782700014014581115737120030302154914.0751012c19719999ii br0p f0 a0eng  asa 65000415 zsn 79004661  a0301-1208 aPL480: I-D-E-606 aIJBBBQ a(OCoLC)ocm01696706  aDLCcMnMULSdOCoLCdNICdNSDPdMHdOCoLCdInUdOCoLCdOCoLCdAIPdNSTdAIPdDLCdNSTdDLCdDNALdNSTdDNALdDNLMdOCoLC ansdpalc aa-ii--- aQP501b.I42 aW1bIN206PR aQP501b.I48 aX300 a574.192 aInd. j. biochem. biophys. aIndian journal of biochemistry & biophysics aIndian journal of biochemistry and biophysics. aIndian journal of biochemistry and biophysics aNew Delhi :bCouncil of Scientific and Industrial Research,cc1971- av. :bill. ;c29 cm. aBimonthly,b1979- aQuarterly,b1971-1977 aBimonthly,bJan.-Oct. 1978 aQuarterly,bDec. 1978 aVol. 8, no. 1 (Mar. 1971)- aTitle from cover. aChemical abstractsx0009-2258 aIssued by the Council of Scientific and Industrial Research in association with the Indian National Science Academy and the Society of Biological Chemists (India). aBiochemistryvPeriodicals. aBiochemistryvPeriodicals. aBiophysicsvPeriodicals. aCouncil of Scientific & Industrial Research (India) aIndian National Science Academy. aSociety of Biological Chemists (India) aSociety of Biological Chemists (India).tAbstracts - Society of Biological Chemists, Indiaw(DLC)sn 90012025w(OCoLC)4746894 tIndian journal of biochemistryx0019-5081w(DLC) 86655104w(OCoLC)1588143 bNew Delhi